Natural Disasters Multiple Choice - Statistics

General Stats
  • This quiz has been taken 122 times
  • The average score is 6 of 15
Answer Stats
Question Answer % Correct
What was the diameter of the largest hailstone ever measured? 20 cm
67%
What is a limnic eruption? Gas erupting from a lake
67%
Which of these was a drought? Grande Seca
67%
A supervolcano exists to the west of which Italian city? Naples
67%
The deadliest earthquake in history occurred in which country? China
50%
Which of these sinkholes is not completely submerged? Red Lake
50%
How many soldiers were killed by avalanches in the Alps during WWI (estimate)? 40,000-80,000
33%
The deadliest natural disaster killed roughly 4 million people. Which type of natural disaster was it? Flood
33%
A blizzard has never been observed in which country? Iraq
33%
Which of these hurricanes didn't reach Category 5? Sandy
33%
What destroyed dikes in the Netherlands in 1953? Storm surge
33%
The deadliest earthquake in Japanese history occurred during which century? 20th
17%
A tornado, which was the widest recorded tornado and the one with the fastest maximum wind speed, occurred in which US state? Oklahoma
17%
Which of these is believed to be man-made? Sidoarjo mud flow
17%
The largest impact crater on Earth exists in which country? South Africa
17%
No matching quizzes found
Score Distribution
Percent of People with Each Score
Percentile by Number Answered
Your Score History
You have not taken this quiz